| 000 | 00448nam a2200145 a 4500 | ||
|---|---|---|---|
| 001 | 000036058 | ||
| 005 | 20200930074835.0 | ||
| 008 | 111125s2004 dr 000 0 spa d | ||
| 040 |
_aDO-SdBNP _bspa _cBNPHU |
||
| 082 |
_axxxx _bR457h |
||
| 100 | 1 |
_aReyes, José _926980 |
|
| 245 | 1 | 0 |
_aHimno Nacional de la República Dominicana. / _cJosé Reyes. |
| 260 |
_aSanto Domingo : _bAlmacen de Música de Delgado Brea, _c[19-?]. |
||
| 300 |
_a[ 7 p.] ; _c23 cm. |
||
| 999 |
_c35549 _d35549 |
||